Geographic Alphabet Quiz- China - Statistics

General Stats
  • This quiz has been taken 23 times
  • The average score is 17 of 26
Answer Stats
Description Starting Letter Answer % Correct
Capital city of China, located in northern China, it is the world's most populous capital cities, formerly known a Pekin B Beijing
100%
World's fifth largest desert, on the border regions of northern China and southern Mongolia G Gobi Desert
100%
Highest mountain in China and in the world, in the Himalayas, on the border between China and Nepal E Mount Everest
95%
City on the South China Sea, an special administrative region of China, a former Portuguese colony, it is a major resort city and the top destination for gambling tourism M Macau
85%
Capital of Jiangsu province, the second largest city in the East China region, former Chinese capital city, its name means "Southern Capital" N Nanjing
85%
Most populous city in central China, capital of the Hubei Province, it is a major transportation hub, it gained notoriety during the 2019-2020 coronavirus pandemic W Wuhan
85%
Capital of Shaanxi Province, in northwest China, one of the oldest cities in China and one of the Four Great Ancient Capitals, home to the Terracotta Army of Emperor Qin Shi Huang X Xi'an
85%
Longest river in China and Asia, the third-longest river in the world, it rises in the Tibetan Plateau and empties into the East China Sea, played a major role in the history, culture and economy of China Y Yangtze
85%
Capital and largest city of the Tibet Autonomous Region, on the Tibetan Plateau, it is one of the highest cities in the world, it contains many culturally significant Buddhist sites L Lhasa
80%
Largest and most populous island in China (excluding Taiwan), also the smallest and southernmost province of China H Hainan
75%
Capital of the Xinjiang Uyghur Autonomous Region, in China's far northwest, it is the most populous city in Central Asia, and the most remote city from any sea in the world U Ürümqi
75%
Large palace complex in central Beijing, it was the Chinese imperial palace and the ceremonial and political center of the Chinese government between 1420 and 1924 F Forbidden City
70%
Mongolic autonomous region of China, it borders Mongolia to the north and west, it is the third largest subdivision in China I Inner Mongolia
70%
Harbor separating Hong Kong Island from the Kowloon Peninsula, its strategic location was instrumental in Hong Kong's establishment as a British colony, named after a 19th-century British queen V Victoria Harbour
70%
Mega-city in southwest China, 1 of the 4 municipalities under the direct administration of China's central government, it is a major manufacturing and transportation center C Chongqing
65%
Capital and largest city of Yunnan province, in southwestern China, its economic importance derives from its geographical position near the border with Southeast Asia K Kunming
60%
Second largest and major port city in Liaoning province, located on the southern tip of Liaodong peninsula, formerly known as Port Aurthur, under Russian control 1895-1905 D Dalian
55%
Capital and largest city of Henan Province, in central China, on the southern bank of the Yellow River, it is a major hub of China's national transportation network Z Zhengzhou
55%
Extensive river system in southern China, its delta is one of the most densely urbanized regions in the world, home to various large cities: Guangzhou, Shezhen, Hong Kong, etc P Pearl River
50%
One of the three provinces of Northeast China, it borders North Korea and Russia to the east, Koreans comprise about 4% of the population J Jilin
45%
Gulf located off the coast of northern Vietnam and south China, a northern arm of the South China Sea, it gained notoriety during the Vietnam War T Gulf of Tonkin
40%
Landlocked province in northwest China, one of the largest provinces by area, it is located mostly on the Tibetan Plateau, its capital and largest city is Xining Q Qinghai
40%
River that flows from Yunnan in southwest China through northern Vietnam, emptying into the South China Sea, named after the heavily silt-laden color of its waters R Red River
35%
Peninsula in eastern China, between the Bohai Sea to the north and the Yellow Sea to the south, located in a coastal province bearing the same name S Shandong
35%
Mountain range in east-central Asia, where Russia, China, Mongolia, and Kazakhstan come together A Altai Mountains
25%
Plateau enclosed by a large rectangular bend of the Yellow River in northern China, the Great Wall of China cuts across the center, home to a desert of the same name O Ordos
15%
No matching quizzes found
Score Distribution
Percent of People with Each Score
Percentile by Number Answered
Your Score History
You have not taken this quiz